[Event "EUCC 2023 - U14"]
[Site "Kouty nad Desnou"]
[Date "2023.08.20"]
[Round "5.3"]
[White "Valean, David-Andrei"]
[Black "Jasso, Matej"]
[Result "0-1"]
[BlackElo "2143"]
[WhiteElo "1648"]
[LiveChessVersion "1.4.8"]

1. e4 {[%clk 1:30:53]} c5 {[%clk 1:30:53]} 2. Nf3 {[%clk 1:31:18]} d6
{[%clk 1:29:15]} 3. d4 {[%clk 1:31:37]} cxd4 {[%clk 1:29:39]} 4. Nxd4
{[%clk 1:31:59]} Nf6 {[%clk 1:30:04]} 5. Nc3 {[%clk 1:32:20]} a6 {[%clk 1:30:24]}
6. Bc4 {[%clk 1:32:34]} e6 {[%clk 1:29:11]} 7. Bb3 {[%clk 1:32:28]} b5
{[%clk 1:29:31]} 8. a3 {[%clk 1:20:39]} Bb7 {[%clk 1:27:09]} 9. f3
{[%clk 0:51:05]} Nbd7 {[%clk 1:21:25]} 10. Be3 {[%clk 0:46:44]} Nc5
{[%clk 1:17:12]} 11. Ba2 {[%clk 0:46:24]} Qc7 {[%clk 1:13:05]} 12. Qe2
{[%clk 0:42:14]} h5 {[%clk 1:01:59]} 13. h3 {[%clk 0:38:02]} Be7 {[%clk 0:53:27]}
14. O-O-O {[%clk 0:23:56]} h4 {[%clk 0:45:39]} 15. Bg1 {[%clk 0:18:52]} O-O
{[%clk 0:35:56]} 16. Bh2 {[%clk 0:18:44]} Rac8 {[%clk 0:32:26]} 17. Rhg1
{[%clk 0:14:14]} g6 {[%clk 0:15:25]} 18. Kb1 {[%clk 0:08:02]} Qb6
{[%clk 0:13:05]} 19. g3 {[%clk 0:06:53]} e5 {[%clk 0:09:36]} 20. Nb3
{[%clk 0:06:45]} Na4 {[%clk 0:08:57]} 21. Nxa4 {[%clk 0:05:26]} bxa4
{[%clk 0:09:19]} 22. Nc1 {[%clk 0:02:32]} d5 {[%clk 0:09:04]} 23. Ka1
{[%clk 0:01:26]} Bc5 {[%clk 0:06:33]} 24. gxh4 {[%clk 0:01:16]} Bxg1
{[%clk 0:03:09]} 25. Rxg1 {[%clk 0:01:41]} Kh7 {[%clk 0:03:09]} 26. Bxe5
{[%clk 0:01:28]} Qxg1 {[%clk 0:03:37]} 27. Bxf6 {[%clk 0:01:33]} Qxc1+
{[%clk 0:03:56]} 28. Bb1 {[%clk 0:02:01]} Qf4 {[%clk 0:02:54]} 29. e5
{[%clk 0:01:15]} d4 {[%clk 0:03:11]} 30. h5 {[%clk 0:01:04]} Qxf3
{[%clk 0:02:20]} 31. Qd2 {[%clk 0:00:39]} Qxh5 {[%clk 0:01:27]} 32. Qxd4
{[%clk 0:00:44]} Rc6 {[%clk 0:00:32]} 33. Qb4 {[%clk 0:00:34]} Rxf6
{[%clk 0:00:33]} 34. exf6 {[%clk 0:00:41]} Rb8 {[%clk 0:00:50]} 35. Qe7
{[%clk 0:00:42]} Qd5 {[%clk 0:01:11]} 36. c4 {[%clk 0:00:46]} Qxc4
{[%clk 0:00:35]} 37. Qe5 {[%clk 0:01:08]} Rh8 {[%clk 0:00:36]} 38. Ba2
{[%clk 0:00:32]} Qf1+ {[%clk 0:00:32]} 39. Bb1 {[%clk 0:00:54]} Qxh3
{[%clk 0:00:41]} 40. Ba2 {[%clk 0:00:48]} Qh1+ {[%clk 0:00:46]} 41. Bb1
{[%clk 0:01:07]} Rc8 {[%clk 0:00:40]} 42. Qd4 {[%clk 0:00:31]} Rc1
{[%clk 0:00:54]} 43. Qd1 0-1

[Event "EUCC 2023 - U14"]
[Site "Kouty nad Desnou"]
[Date "2023.08.20"]
[Round "5.4"]
[White "Sahidi, Sear"]
[Black "Haapsal, Maria Ioanna"]
[Result "0-1"]
[BlackElo "1508"]
[WhiteElo "1731"]
[LiveChessVersion "1.4.8"]

1. e4 {[%clk 1:30:57]} c5 {[%clk 1:30:52]} 2. Nf3 {[%clk 1:31:21]} d6
{[%clk 1:31:09]} 3. d4 {[%clk 1:30:46]} cxd4 {[%clk 1:31:32]} 4. Nxd4
{[%clk 1:31:08]} a6 {[%clk 1:31:25]} 5. Nc3 {[%clk 1:31:16]} Nf6 {[%clk 1:31:43]}
6. Be2 {[%clk 1:21:52]} e5 {[%clk 1:31:03]} 7. Nf3 {[%clk 1:21:29]} Be7
{[%clk 1:30:32]} 8. Bg5 {[%clk 1:15:11]} Be6 {[%clk 1:29:17]} 9. Bxf6
{[%clk 1:12:52]} Bxf6 {[%clk 1:29:36]} 10. Nd5 {[%clk 1:12:42]} Bxd5
{[%clk 1:22:47]} 11. Qxd5 {[%clk 1:10:26]} Qc7 {[%clk 1:20:42]} 12. O-O-O
{[%clk 1:01:41]} Be7 {[%clk 1:20:09]} 13. Bc4 {[%clk 1:00:49]} O-O
{[%clk 1:20:20]} 14. g4 {[%clk 1:00:42]} Nc6 {[%clk 1:18:46]} 15. h4
{[%clk 0:59:25]} Nb4 {[%clk 1:12:34]} 16. Qd2 {[%clk 0:49:38]} Qxc4
{[%clk 1:12:50]} 17. a3 {[%clk 0:41:18]} Nc6 {[%clk 1:11:40]} 18. h5
{[%clk 0:26:26]} h6 {[%clk 1:06:56]} 19. g5 {[%clk 0:25:23]} Nd4 {[%clk 1:06:34]}
20. Qd3 {[%clk 0:23:51]} Qxd3 {[%clk 1:05:15]} 21. Rxd3 {[%clk 0:24:16]} Nxf3
{[%clk 1:05:38]} 22. Rxf3 {[%clk 0:24:43]} Bxg5+ {[%clk 1:05:52]} 0-1

[Event "EUCC 2023 - U14"]
[Site "Kouty nad Desnou"]
[Date "2023.08.20"]
[Round "5.5"]
[White "Ciocirlan, Bianca-Alexandra"]
[Black "Csernyik, Mark"]
[Result "0-1"]
[BlackElo "1976"]
[WhiteElo "1510"]
[LiveChessVersion "1.4.8"]

1. e4 {[%clk 1:30:58]} c5 {[%clk 1:30:50]} 2. Nf3 {[%clk 1:31:23]} Nc6
{[%clk 1:31:14]} 3. d4 {[%clk 1:31:47]} cxd4 {[%clk 1:31:40]} 4. Nxd4
{[%clk 1:32:13]} d5 {[%clk 1:32:06]} 5. Nxc6 {[%clk 1:29:43]} bxc6
{[%clk 1:32:24]} 6. exd5 {[%clk 1:29:20]} Qxd5 {[%clk 1:32:18]} 7. Qxd5
{[%clk 1:29:07]} cxd5 {[%clk 1:32:40]} 8. Bb5+ {[%clk 1:28:42]} Bd7
{[%clk 1:33:04]} 9. Bxd7+ {[%clk 1:26:59]} Kxd7 {[%clk 1:33:22]} 10. O-O
{[%clk 1:24:35]} Nf6 {[%clk 1:31:24]} 11. Bf4 {[%clk 1:23:56]} e6
{[%clk 1:29:46]} 12. Nd2 {[%clk 1:20:22]} Bd6 {[%clk 1:24:10]} 13. Bxd6
{[%clk 1:18:30]} Kxd6 {[%clk 1:24:38]} 14. Rad1 {[%clk 1:15:30]} Rhc8
{[%clk 1:21:14]} 15. c3 {[%clk 1:13:43]} Rab8 {[%clk 1:20:57]} 16. Nb3
{[%clk 1:07:31]} Nd7 {[%clk 1:14:27]} 17. Rb1 {[%clk 1:02:43]} Nb6
{[%clk 1:11:07]} 18. Rfe1 {[%clk 0:55:59]} Nc4 {[%clk 1:10:13]} 19. Re2
{[%clk 0:51:29]} a5 {[%clk 0:55:00]} 20. Nc1 {[%clk 0:44:10]} e5 {[%clk 0:36:51]}
21. f3 {[%clk 0:35:32]} f6 {[%clk 0:34:52]} 22. Nd3 {[%clk 0:31:07]} g5
{[%clk 0:32:01]} 23. Rbe1 {[%clk 0:28:21]} h5 {[%clk 0:30:01]} 24. h3
{[%clk 0:27:39]} Rc7 {[%clk 0:28:41]} 25. Kf2 {[%clk 0:26:05]} Rcb7
{[%clk 0:25:35]} 26. b3 {[%clk 0:23:15]} Na3 {[%clk 0:25:27]} 27. Rd2
{[%clk 0:20:30]} Rc7 {[%clk 0:21:15]} 28. c4 {[%clk 0:19:54]} d4 {[%clk 0:21:03]}
29. Nc1 {[%clk 0:16:18]} Nb1 {[%clk 0:20:12]} 30. Rb2 {[%clk 0:16:23]} Nc3
{[%clk 0:20:04]} 31. Rd2 {[%clk 0:14:10]} a4 {[%clk 0:19:12]} 32. Kg3
{[%clk 0:08:05]} Re7 {[%clk 0:16:27]} 33. Re3 {[%clk 0:06:29]} Kc6
{[%clk 0:11:15]} 34. Rxd4 {[%clk 0:05:59]} exd4 {[%clk 0:11:32]} 35. Rxe7
{[%clk 0:06:24]} Nxa2 {[%clk 0:11:46]} 36. Nd3 {[%clk 0:02:57]} axb3
{[%clk 0:11:20]} 37. Re6+ {[%clk 0:02:59]} Kc7 {[%clk 0:11:34]} 38. Re2
{[%clk 0:03:06]} Nc1 {[%clk 0:11:16]} 39. Nxc1 {[%clk 0:01:23]} b2
{[%clk 0:11:40]} 40. Rxb2 {[%clk 0:01:11]} Rxb2 {[%clk 0:12:04]} 41. Nd3
{[%clk 0:01:34]} Rc2 {[%clk 0:12:08]} 42. Nb4 {[%clk 0:01:36]} Rxc4
{[%clk 0:12:20]} 43. Nd5+ {[%clk 0:02:05]} Kd6 {[%clk 0:12:27]} 44. Nxf6
{[%clk 0:02:29]} Ke5 {[%clk 0:11:24]} 45. Ne4 {[%clk 0:02:38]} d3
{[%clk 0:11:20]} 46. Nf2 {[%clk 0:01:14]} d2 {[%clk 0:10:12]} 47. Kh2
{[%clk 0:00:54]} Rc1 {[%clk 0:10:23]} 48. f4+ {[%clk 0:00:44]} gxf4
{[%clk 0:10:36]} 49. h4 {[%clk 0:00:41]} d1=Q {[%clk 0:10:52]} 50. Nd3+
{[%clk 0:00:36]} Qxd3 {[%clk 0:11:10]} 51. g3 {[%clk 0:00:55]} Qxg3#
{[%clk 0:11:35]} 0-1

[Event "EUCC 2023 - U14"]
[Site "Kouty nad Desnou"]
[Date "2023.08.20"]
[Round "5.6"]
[White "Pritulina, Nadezhda"]
[Black "Bartova, Hana"]
[Result "1-0"]
[BlackElo "1461"]
[WhiteElo "1372"]
[LiveChessVersion "1.4.8"]

1. e4 {[%clk 1:30:57]} e5 {[%clk 1:30:54]} 2. Nf3 {[%clk 1:31:20]} Nf6
{[%clk 1:31:14]} 3. Nc3 Nc6 {[%clk 1:31:35]} 4. Bb5 {[%clk 1:31:55]} Bc5
{[%clk 1:31:59]} 5. O-O {[%clk 1:31:54]} d6 {[%clk 1:32:13]} 6. d4
{[%clk 1:26:46]} exd4 {[%clk 1:31:46]} 7. Nxd4 {[%clk 1:27:06]} Bd7
{[%clk 1:31:49]} 8. Nf5 {[%clk 1:24:01]} a6 {[%clk 1:27:41]} 9. Nxg7+
{[%clk 1:20:28]} Ke7 {[%clk 1:24:05]} 10. Bg5 {[%clk 1:19:32]} Be6
{[%clk 1:22:37]} 11. Nh5 {[%clk 1:12:38]} Qg8 {[%clk 1:18:12]} 12. Bxf6+
{[%clk 1:10:26]} Kd7 {[%clk 1:16:36]} 13. Bxh8 {[%clk 1:06:09]} Bg4
{[%clk 1:16:39]} 14. Qxg4+ {[%clk 1:05:12]} 1-0

[Event "EUCC 2023 - U14"]
[Site "Kouty nad Desnou"]
[Date "2023.08.20"]
[Round "5.8"]
[White "Boyadzhieva, Katerina"]
[Black "Kluska, Lukas"]
[Result "1-0"]
[BlackElo "1310"]
[WhiteElo "1152"]
[LiveChessVersion "1.4.8"]

1. e4 {[%clk 1:30:57]} c5 {[%clk 1:29:54]} 2. Nc3 {[%clk 1:31:13]} a6
{[%clk 1:30:12]} 3. f4 {[%clk 1:30:53]} b5 {[%clk 1:28:47]} 4. Nf3
{[%clk 1:26:06]} e6 {[%clk 1:27:16]} 5. d3 {[%clk 1:20:38]} Nc6 {[%clk 1:25:49]}
6. Be2 {[%clk 1:16:13]} Bb7 {[%clk 1:21:35]} 7. O-O {[%clk 1:11:06]} Be7
{[%clk 1:18:42]} 8. Bd2 {[%clk 1:04:01]} d5 {[%clk 1:15:32]} 9. e5
{[%clk 1:00:22]} Nh6 {[%clk 1:12:35]} 10. Be1 {[%clk 0:48:04]} O-O
{[%clk 1:09:15]} 11. Bf2 {[%clk 0:45:17]} Nf5 {[%clk 1:01:25]} 12. Re1
{[%clk 0:39:15]} f6 {[%clk 0:55:35]} 13. exf6 {[%clk 0:37:01]} Rxf6
{[%clk 0:55:26]} 14. Bf1 {[%clk 0:35:03]} Qc7 {[%clk 0:50:33]} 15. g3
{[%clk 0:27:20]} Bd6 {[%clk 0:46:03]} 16. Bg2 {[%clk 0:20:22]} b4
{[%clk 0:42:49]} 17. Na4 {[%clk 0:18:49]} d4 {[%clk 0:36:28]} 18. Qe2
{[%clk 0:15:10]} Re8 {[%clk 0:33:55]} 19. Ne5 {[%clk 0:13:17]} Rff8
{[%clk 0:29:10]} 20. Nxc6 {[%clk 0:06:53]} Bxc6 {[%clk 0:29:08]} 21. Bxc6
{[%clk 0:06:36]} Qxc6 {[%clk 0:29:21]} 22. b3 {[%clk 0:06:33]} Rf6
{[%clk 0:26:50]} 23. Qe4 {[%clk 0:05:40]} Qxe4 {[%clk 0:25:47]} 24. dxe4
{[%clk 0:06:00]} e5 {[%clk 0:14:15]} 25. fxe5 {[%clk 0:05:37]} Bxe5
{[%clk 0:12:49]} 26. exf5 {[%clk 0:05:58]} Rxf5 {[%clk 0:12:09]} 27. Nxc5
{[%clk 0:06:10]} Rc8 {[%clk 0:08:15]} 28. Nd3 {[%clk 0:05:58]} Bf6
{[%clk 0:08:16]} 29. Re2 {[%clk 0:05:34]} a5 {[%clk 0:07:25]} 30. a3
{[%clk 0:05:33]} Kf7 {[%clk 0:06:48]} 31. axb4 {[%clk 0:05:46]} axb4
{[%clk 0:07:11]} 32. Ra7+ {[%clk 0:05:45]} Kg6 {[%clk 0:07:23]} 33. Rd7
{[%clk 0:05:25]} Rd8 {[%clk 0:01:23]} 34. Rxd8 {[%clk 0:05:50]} Bxd8
{[%clk 0:01:36]} 35. Bxd4 {[%clk 0:05:59]} Ra5 {[%clk 0:00:32]} 36. Nxb4
{[%clk 0:05:37]} Rb5 1-0

[Event "EUCC 2023 - U14"]
[Site "Kouty nad Desnou"]
[Date "2023.08.20"]
[Round "5.9"]
[White "Berkova, Agata"]
[Black "Sekova, Olivia"]
[Result "0-1"]
[BlackElo "1714"]
[WhiteElo "1101"]
[LiveChessVersion "1.4.8"]

1. d4 {[%clk 1:30:59]} Nf6 {[%clk 1:30:48]} 2. f3 {[%clk 1:30:32]} d5
{[%clk 1:30:29]} 3. c4 {[%clk 1:29:42]} e6 {[%clk 1:29:30]} 4. Nc3
{[%clk 1:23:00]} Bb4 {[%clk 1:25:38]} 5. Bg5 {[%clk 1:14:53]} h6 {[%clk 1:22:31]}
6. Bh4 {[%clk 1:11:47]} Nc6 {[%clk 1:20:02]} 7. e3 {[%clk 1:09:14]} O-O
{[%clk 1:18:30]} 8. Nge2 {[%clk 1:02:30]} dxc4 {[%clk 1:16:11]} 9. Bxf6
{[%clk 0:54:55]} Qxf6 {[%clk 1:16:15]} 10. Ng3 {[%clk 0:54:08]} Rd8
{[%clk 1:14:15]} 11. Bxc4 {[%clk 0:54:09]} Na5 {[%clk 1:04:23]} 12. Bb3
{[%clk 0:51:25]} c5 {[%clk 1:04:03]} 13. Nge4 {[%clk 0:49:00]} Qh4+
{[%clk 1:03:54]} 14. g3 {[%clk 0:48:04]} Qe7 {[%clk 1:00:09]} 15. O-O cxd4
{[%clk 0:59:11]} 16. exd4 {[%clk 0:46:45]} Nxb3 {[%clk 0:58:10]} 17. axb3
{[%clk 0:46:44]} f5 {[%clk 0:56:05]} 18. Nf2 {[%clk 0:45:55]} Bc5
{[%clk 0:55:41]} 19. Ne2 {[%clk 0:42:42]} Qf6 {[%clk 0:52:37]} 20. Ra4
{[%clk 0:42:10]} b5 {[%clk 0:52:47]} 21. Ra5 {[%clk 0:41:43]} a6 {[%clk 0:50:00]}
22. Qc2 {[%clk 0:39:23]} Bb6 {[%clk 0:47:48]} 23. Ra2 {[%clk 0:39:09]} Bb7
{[%clk 0:47:51]} 24. Qc3 {[%clk 0:37:49]} Rac8 {[%clk 0:47:49]} 25. Qe3
{[%clk 0:37:05]} e5 {[%clk 0:40:45]} 26. dxe5 {[%clk 0:34:40]} Bxe3
{[%clk 0:40:51]} 27. exf6 {[%clk 0:34:57]} Rc2 {[%clk 0:40:40]} 28. Nc3
{[%clk 0:30:28]} Bxf3 {[%clk 0:39:53]} 29. Raa1 {[%clk 0:27:33]} Rdd2
{[%clk 0:40:00]} 30. Ncd1 {[%clk 0:27:05]} Bxd1 {[%clk 0:40:18]} 31. Raxd1
{[%clk 0:23:42]} Bxf2+ {[%clk 0:39:14]} 32. Kg2 {[%clk 0:23:12]} Re2
{[%clk 0:39:25]} 33. Rd8+ {[%clk 0:21:43]} Kf7 {[%clk 0:39:48]} 34. fxg7
{[%clk 0:21:58]} Bb6+ {[%clk 0:40:10]} 0-1

[Event "EUCC 2023 - U14"]
[Site "Kouty nad Desnou"]
[Date "2023.08.21"]
[Round "6.1"]
[White "Auribault, Louis"]
[Black "Srba, Daniel"]
[Result "1/2-1/2"]
[BlackElo "1571"]
[WhiteElo "2084"]
[LiveChessVersion "1.4.8"]

1. e4 {[%clk 1:30:57]} c5 {[%clk 1:30:56]} 2. Nf3 {[%clk 1:31:12]} g6
{[%clk 1:31:23]} 3. c3 {[%clk 1:31:32]} Bg7 {[%clk 1:31:29]} 4. d4
{[%clk 1:31:25]} cxd4 {[%clk 1:31:46]} 5. cxd4 {[%clk 1:31:44]} d5
{[%clk 1:31:54]} 6. e5 {[%clk 1:31:47]} Nc6 {[%clk 1:32:14]} 7. h3
{[%clk 1:31:27]} Nh6 {[%clk 1:31:55]} 8. Bb5 {[%clk 1:29:52]} Bd7
{[%clk 1:31:31]} 9. Bxc6 {[%clk 1:23:59]} bxc6 {[%clk 1:31:29]} 10. O-O
{[%clk 1:23:44]} O-O {[%clk 1:31:44]} 11. Nc3 {[%clk 1:23:11]} f6
{[%clk 1:31:47]} 12. Re1 {[%clk 1:21:39]} Rb8 {[%clk 1:23:54]} 13. Na4
{[%clk 1:11:23]} fxe5 {[%clk 1:12:27]} 14. Nxe5 {[%clk 1:09:03]} Bxe5
{[%clk 1:06:52]} 15. Bxh6 {[%clk 0:59:17]} Bg7 {[%clk 1:07:15]} 16. Bxg7
{[%clk 0:59:36]} Kxg7 {[%clk 1:07:39]} 17. Qe2 {[%clk 0:59:49]} Rf7
{[%clk 1:05:36]} 18. Nc5 {[%clk 0:57:11]} Rb6 {[%clk 0:58:58]} 19. Qe5+
{[%clk 0:49:38]} Kg8 {[%clk 0:59:14]} 20. b3 {[%clk 0:47:42]} Bc8
{[%clk 0:57:23]} 21. Re3 {[%clk 0:40:32]} Qd6 {[%clk 0:54:09]} 22. Qg5
{[%clk 0:33:15]} Kg7 {[%clk 0:50:18]} 23. Rae1 {[%clk 0:31:15]} h6
{[%clk 0:48:27]} 24. Qh4 {[%clk 0:30:44]} g5 {[%clk 0:46:57]} 25. Qh5
{[%clk 0:30:41]} Qf6 {[%clk 0:43:21]} 26. Rf3 {[%clk 0:29:29]} Qg6
{[%clk 0:42:53]} 27. Ne6+ {[%clk 0:29:35]} Bxe6 {[%clk 0:42:28]} 28. Qxg6+
{[%clk 0:30:00]} Kxg6 {[%clk 0:42:47]} 29. Rxe6+ {[%clk 0:30:24]} Rf6
{[%clk 0:42:05]} 30. Rxe7 {[%clk 0:30:42]} Rxf3 {[%clk 0:42:10]} 31. gxf3
{[%clk 0:31:05]} Ra6 {[%clk 0:42:01]} 32. Re6+ {[%clk 0:15:25]} Kh5
{[%clk 0:41:34]} 33. a4 {[%clk 0:14:24]} Rb6 {[%clk 0:41:07]} 34. Re3
{[%clk 0:14:49]} a5 {[%clk 0:35:11]} 35. Rc3 {[%clk 0:12:56]} Kg6
{[%clk 0:34:54]} 36. Kg2 {[%clk 0:12:10]} h5 {[%clk 0:34:44]} 37. Rc5
{[%clk 0:12:29]} Kf5 {[%clk 0:31:07]} 38. Rxa5 {[%clk 0:11:09]} Rxb3
{[%clk 0:31:13]} 39. Rc5 {[%clk 0:10:15]} Rb6 {[%clk 0:31:09]} 40. Rc3
{[%clk 0:09:07]} Rb4 {[%clk 0:29:23]} 41. a5 {[%clk 0:09:13]} Rxd4
{[%clk 0:28:20]} 42. Rxc6 {[%clk 0:08:45]} Ra4 {[%clk 0:28:32]} 43. a6
{[%clk 0:07:40]} d4 {[%clk 0:28:56]} 44. Kf1 {[%clk 0:07:39]} d3 {[%clk 0:27:33]}
45. Ke1 {[%clk 0:07:53]} Kf4 {[%clk 0:24:50]} 46. Rf6+ {[%clk 0:07:37]} Ke5
{[%clk 0:25:12]} 47. Rh6 {[%clk 0:08:02]} Kf4 {[%clk 0:24:12]} 48. Rf6+
{[%clk 0:06:23]} 1/2-1/2

[Event "EUCC 2023 - U14"]
[Site "Kouty nad Desnou"]
[Date "2023.08.21"]
[Round "6.2"]
[White "Ser, Daniel"]
[Black "Novomeska, Karin"]
[Result "1-0"]
[BlackElo "1842"]
[WhiteElo "1850"]
[LiveChessVersion "1.4.8"]

1. d4 {[%clk 1:30:41]} d5 {[%clk 1:30:50]} 2. Bf4 {[%clk 1:31:05]} Nf6
{[%clk 1:31:08]} 3. e3 {[%clk 1:31:30]} e6 {[%clk 1:31:28]} 4. Nf3
{[%clk 1:31:50]} c5 {[%clk 1:31:43]} 5. c3 {[%clk 1:31:40]} Nc6 {[%clk 1:31:55]}
6. Nbd2 {[%clk 1:31:23]} Bd6 {[%clk 1:32:05]} 7. Bg3 {[%clk 1:31:19]} O-O
{[%clk 1:32:03]} 8. Bb5 {[%clk 1:31:14]} a6 {[%clk 1:28:54]} 9. Bxc6
{[%clk 1:29:20]} bxc6 {[%clk 1:29:22]} 10. Qa4 {[%clk 1:29:34]} Bb7
{[%clk 1:11:03]} 11. Bxd6 {[%clk 1:29:24]} Qxd6 {[%clk 1:11:30]} 12. Qa3
{[%clk 1:29:43]} Nd7 {[%clk 0:55:36]} 13. Nb3 {[%clk 1:29:02]} Rfe8
{[%clk 0:47:53]} 14. Nxc5 {[%clk 1:14:51]} Nxc5 {[%clk 0:47:36]} 15. Qxc5 Qxc5
{[%clk 0:46:57]} 16. dxc5 {[%clk 1:15:46]} e5 {[%clk 0:46:57]} 17. Kd2
{[%clk 1:14:32]} a5 {[%clk 0:44:09]} 18. b3 {[%clk 1:13:18]} Ba6 {[%clk 0:43:17]}
19. Rhe1 {[%clk 1:10:07]} f6 {[%clk 0:35:34]} 20. Kc2 {[%clk 1:09:23]} Rab8
{[%clk 0:31:11]} 21. a3 {[%clk 1:06:49]} Kf7 {[%clk 0:29:44]} 22. Rad1
{[%clk 0:47:59]} Red8 {[%clk 0:24:09]} 23. Rd2 {[%clk 0:43:19]} Bc8
{[%clk 0:21:22]} 24. Red1 {[%clk 0:33:48]} Bf5+ {[%clk 0:17:48]} 25. Kb2
{[%clk 0:34:03]} Ke7 {[%clk 0:17:38]} 26. Ne1 {[%clk 0:28:29]} Be6
{[%clk 0:17:27]} 27. Nc2 {[%clk 0:19:20]} Rd7 {[%clk 0:13:55]} 28. f3
{[%clk 0:07:13]} Bf5 {[%clk 0:08:19]} 29. e4 {[%clk 0:06:40]} Be6
{[%clk 0:03:29]} 30. exd5 {[%clk 0:04:18]} Rxd5 {[%clk 0:02:46]} 31. Rxd5
{[%clk 0:03:51]} Bxd5 {[%clk 0:02:35]} 32. b4 {[%clk 0:02:45]} a4
{[%clk 0:02:09]} 33. Ne3 {[%clk 0:03:00]} Be6 {[%clk 0:01:39]} 34. Rd6
{[%clk 0:03:19]} Rc8 {[%clk 0:01:58]} 35. c4 {[%clk 0:01:29]} f5 {[%clk 0:02:11]}
36. Kc3 {[%clk 0:01:39]} h5 {[%clk 0:01:50]} 37. h4 {[%clk 0:01:48]} f4
{[%clk 0:01:09]} 38. Nd1 {[%clk 0:01:47]} Bf5 {[%clk 0:01:27]} 39. Nf2
{[%clk 0:02:05]} g6 {[%clk 0:00:57]} 40. Nd3 {[%clk 0:02:19]} e4 {[%clk 0:01:09]}
41. fxe4 {[%clk 0:01:54]} Bxe4 {[%clk 0:01:37]} 42. Nxf4 {[%clk 0:02:23]} Kf7
{[%clk 0:00:48]} 43. Kd4 {[%clk 0:02:46]} Bf5 {[%clk 0:00:46]} 44. Nd3
{[%clk 0:02:39]} Re8 {[%clk 0:00:45]} 45. Ne5+ {[%clk 0:02:58]} Kg7
{[%clk 0:00:52]} 46. b5 {[%clk 0:03:17]} 1-0

[Event "EUCC 2023 - U14"]
[Site "Kouty nad Desnou"]
[Date "2023.08.21"]
[Round "6.3"]
[White "Jasso, Matej"]
[Black "Csernyik, Mark"]
[Result "0-1"]
[BlackElo "1976"]
[WhiteElo "2143"]
[LiveChessVersion "1.4.8"]

1. e4 {[%clk 1:30:50]} c6 {[%clk 1:30:53]} 2. d4 {[%clk 1:30:53]} d5
{[%clk 1:31:15]} 3. exd5 {[%clk 1:29:29]} cxd5 {[%clk 1:31:30]} 4. Bd3
{[%clk 1:29:49]} Nc6 {[%clk 1:31:21]} 5. c3 {[%clk 1:29:59]} Qc7 {[%clk 1:31:04]}
6. Ne2 {[%clk 1:29:56]} Bg4 {[%clk 1:30:58]} 7. O-O {[%clk 1:30:09]} e6
{[%clk 1:25:54]} 8. Qe1 {[%clk 1:15:56]} Nf6 {[%clk 1:17:18]} 9. Bf4
{[%clk 1:14:34]} Bd6 {[%clk 1:16:42]} 10. Bxd6 {[%clk 1:11:18]} Qxd6
{[%clk 1:17:03]} 11. Nd2 {[%clk 1:08:06]} O-O {[%clk 1:07:02]} 12. f4
{[%clk 1:05:18]} Bf5 {[%clk 1:05:38]} 13. Qb1 {[%clk 0:56:26]} g6
{[%clk 0:59:09]} 14. Kh1 {[%clk 0:34:50]} Rac8 {[%clk 0:52:46]} 15. Nf3
{[%clk 0:25:52]} Ne4 {[%clk 0:49:11]} 16. Qe1 {[%clk 0:21:44]} Nxc3
{[%clk 0:33:46]} 17. bxc3 {[%clk 0:10:11]} Bxd3 {[%clk 0:33:56]} 18. Ne5
{[%clk 0:10:36]} Nxe5 {[%clk 0:32:35]} 19. fxe5 {[%clk 0:09:05]} Qa6
{[%clk 0:30:29]} 20. Rf2 {[%clk 0:08:02]} Bxe2 {[%clk 0:30:49]} 21. Rxe2
{[%clk 0:08:15]} Rxc3 {[%clk 0:31:08]} 22. Qxc3 {[%clk 0:05:36]} Qxe2
{[%clk 0:31:32]} 23. h3 {[%clk 0:05:32]} Qc4 {[%clk 0:30:59]} 24. Qb2
{[%clk 0:05:46]} b6 {[%clk 0:29:38]} 25. Rc1 {[%clk 0:05:29]} Qd3
{[%clk 0:29:41]} 26. Qf2 {[%clk 0:03:32]} a5 {[%clk 0:28:01]} 27. Qb2
{[%clk 0:02:30]} b5 {[%clk 0:27:36]} 28. Rc5 {[%clk 0:02:10]} Rb8
{[%clk 0:27:08]} 29. Rc7 {[%clk 0:01:09]} b4 {[%clk 0:26:17]} 30. Qf2
{[%clk 0:00:35]} Qf5 {[%clk 0:26:08]} 31. Qxf5 {[%clk 0:00:33]} gxf5
{[%clk 0:26:29]} 32. Ra7 {[%clk 0:00:33]} b3 {[%clk 0:26:38]} 33. axb3
{[%clk 0:00:53]} Rxb3 {[%clk 0:27:04]} 34. Rxa5 {[%clk 0:01:21]} Rb4
{[%clk 0:27:28]} 35. g4 {[%clk 0:00:42]} fxg4 {[%clk 0:27:48]} 0-1

[Event "EUCC 2023 - U14"]
[Site "Kouty nad Desnou"]
[Date "2023.08.21"]
[Round "6.4"]
[White "Haapsal, Maria Ioanna"]
[Black "Pritulina, Nadezhda"]
[Result "1-0"]
[BlackElo "1372"]
[WhiteElo "1508"]
[LiveChessVersion "1.4.8"]

1. e4 {[%clk 1:30:48]} c5 {[%clk 1:30:55]} 2. Nf3 {[%clk 1:30:58]} Nc6
{[%clk 1:31:14]} 3. d4 {[%clk 1:31:23]} cxd4 {[%clk 1:31:36]} 4. Nxd4
{[%clk 1:31:52]} d6 {[%clk 1:31:53]} 5. c4 {[%clk 1:32:02]} Nf6 {[%clk 1:32:06]}
6. Nc3 {[%clk 1:32:27]} g6 {[%clk 1:32:19]} 7. Be2 {[%clk 1:32:32]} Bg7
{[%clk 1:32:36]} 8. Be3 {[%clk 1:31:15]} O-O {[%clk 1:32:39]} 9. O-O
{[%clk 1:31:12]} Qc7 {[%clk 1:31:52]} 10. Qd2 {[%clk 1:30:14]} Ne5
{[%clk 1:29:36]} 11. Ncb5 Qd8 {[%clk 1:26:13]} 12. f3 {[%clk 1:26:46]} a6
{[%clk 1:22:41]} 13. Nc3 {[%clk 1:26:48]} Nfd7 {[%clk 1:19:58]} 14. Rac1
{[%clk 1:23:48]} Nc5 {[%clk 1:19:30]} 15. b3 {[%clk 1:22:26]} Ne6
{[%clk 1:18:37]} 16. Nc2 {[%clk 1:20:04]} f5 {[%clk 1:14:42]} 17. exf5
{[%clk 1:16:37]} Rxf5 {[%clk 1:15:00]} 18. Nd5 Nc7 {[%clk 1:09:48]} 19. Bb6
{[%clk 1:15:08]} Nd7 {[%clk 1:05:14]} 20. Bxc7 Qf8 {[%clk 1:05:09]} 21. Nb6
{[%clk 1:10:01]} Bh6 {[%clk 0:59:03]} 22. Ne3 {[%clk 1:02:55]} Re5
{[%clk 0:59:05]} 23. Rc3 {[%clk 1:02:20]} Nxb6 {[%clk 0:57:34]} 24. Bxb6
{[%clk 1:02:37]} Rf5 {[%clk 0:53:36]} 25. Qd3 {[%clk 0:57:42]} Rf7
{[%clk 0:51:07]} 26. Ng4 {[%clk 0:54:37]} Bg7 {[%clk 0:49:34]} 27. Rcc1
{[%clk 0:52:46]} Bf5 {[%clk 0:49:14]} 28. Qd2 {[%clk 0:52:02]} h5
{[%clk 0:48:21]} 29. Nf2 {[%clk 0:52:11]} e5 {[%clk 0:45:09]} 30. Ne4
{[%clk 0:48:17]} Rd7 {[%clk 0:39:35]} 31. Nc3 {[%clk 0:46:55]} Rc8
{[%clk 0:34:07]} 32. Nd5 {[%clk 0:46:04]} Kh7 {[%clk 0:32:58]} 33. Be3
{[%clk 0:45:51]} Qf7 {[%clk 0:31:28]} 34. Nb6 {[%clk 0:45:52]} 1-0